Rincones de Chiapas : ensayo monográfico sobre San Bartolomé de los Llanos /

El estudio habla acerca del origen, situación y costumbres de San Bartolomé de los Llanos, Chiapas.

I tiakina i:
Ngā taipitopito rārangi puna kōrero
Kaituhi matua: Morales Avendaño, Juan M. (autor)
Hōputu: Pukapuka
Reo:Pāniora
Ngā marau:
Ngā Tūtohu: Tāpirihia he Tūtohu
Kāore He Tūtohu, Me noho koe te mea tuatahi ki te tūtohu i tēnei pūkete!

MARC

LEADER 00000nam^a2200000^a^4500
001 000131704
005 20250521000000.0
009 20260310095033.67
037 |a Acervo ITESO - Biblioteca 
041 |a ESP 
082 |a 972. 75  |b MOR 
100 |a Morales Avendaño, Juan M.  |e (autor) 
245 1 0 |a Rincones de Chiapas :  |b ensayo monográfico sobre San Bartolomé de los Llanos /  |c J.M. Morales Avendaño. 
264 |a Chiapas, México :  |b edición de autor,  |c 1974 
300 |a 362 p. 
336 |a texto  |b txt  |2 rdacontenido 
337 |a sin mediación  |b n  |2 rdamedio 
338 |a volumen  |b nc  |2 rdasoporte 
520 |a El estudio habla acerca del origen, situación y costumbres de San Bartolomé de los Llanos, Chiapas. 
649 |a XX 
650 |a San Bartolomé de los Llanos, Chiapas -  |x Historia 
650 |a San Bartolomé de los Llanos, Chiapas -  |x Descripción 
650 |a Chiapas -  |x Historia 
650 |a Chiapas -  |x Descripción 
910 |a Fondo Salvador Reynoso Reynoso 
920 |a Impresos - Libros 
930 |a Fondos Especiales 
905 |a 112 
901 |a 0800012241  |b IT2  |c ESP  |u 20250521 
902 |a https://opac.biblio.iteso.mx/vufind/Record/000131704